| 000 | 01404nam a22002897a 4500 | ||
|---|---|---|---|
| 001 | 9364 | ||
| 003 | FISKH | ||
| 005 | 20251212143350.0 | ||
| 008 | 251212b cb ||||| |||| 00| 0 eng d | ||
| 020 | _a9780194789196 | ||
| 040 |
_aFISKH _beng _cFISKH _dFISKH |
||
| 050 | _aPE1126.A4 B37687 | ||
| 082 | _a428 | ||
| 100 |
_aBassett, Jennifer _eAuthor |
||
| 245 |
_aSherlock Holmes and the duke's son / _cArthur Conan Doyle ; retold by Jennifer Bassett ; illustrated by Ron Tiner. |
||
| 260 |
_aNew York : _bOxford University Press , _c2008 |
||
| 300 |
_a56 pages : _billustrations, maps ; _c20 cm |
||
| 490 | _3Oxford Bookworms Library ; Stage 1, Crime & mystery. | ||
| 505 | _aL | ||
| 520 | _aDr Huxtable has a school for boys in the north of England. When the Duke of Holdernesse decides to send his young son there, that is good news for the school. The Duke is a very important person, and Dr Huxtable is happy to have his son in the school. But two weeks later Dr Huxtable is the unhappiest man in England. Why? And why does he take the train down to London and go to Baker Street? Why does he need the help of the famous detective Sherlock Holmes? Because someone has kidnapped the Duke's son . . . | ||
| 521 | 8 |
_a520
_bLexile |
|
| 521 | 8 |
_aL
_bRaz-Plus |
|
| 650 |
_aMystery fiction _vOxford Bookworms |
||
| 700 |
_aTiner, Ron _eIllustrator |
||
| 942 |
_2ddc _cBK _n0 |
||
| 999 |
_c9364 _d9364 |
||